[Event "IECC CL2-2020.03 email"]
[Site "IECC email"]
[Date "2020.05.12"]
[Round "?"]
[White "Joenhede, Marko"]
[Black "Boyce, Harry"]
[Result "1-0"]
[WhiteElo "2187"]
[BlackElo "2035"]
[PlyCount "75"]
[EventDate "2020.??.??"]
[EventType "tourn (corr)"]
[EventRounds "4"]
[SourceTitle "Corr 2024"]
[Source "ChessBase"]
[SourceDate "2023.10.19"]
[SourceVersion "1"]
[SourceVersionDate "2023.10.19"]
[SourceQuality "1"]
[WhiteTeam "Finnland"]
[BlackTeam "Australien"]
[WhiteTeamCountry "FIN"]
[BlackTeamCountry "AUS"]

1. Nf3 d5 2. d4 Nf6 3. c4 c6 4. Nc3 e6 5. Bg5 Nbd7 6. e3 Qa5 7. Nd2 dxc4 8. Bxf6 Nxf6 9. Nxc4 Qc7 10. Rc1 Nd5 11. a3 Be7 12. g3 Nxc3 13. Rxc3 0-0 14. Bg2 f6 15. 0-0 Rd8 16. b4 e5 17. Na5 Be6 18. d5 Qd7 19. Qc2 cxd5 20. Rc7 Qe8 21. Rxb7 Rd6 22. Rc7 Bd8 23. Rc6 Rxc6 24. Nxc6 Rc8 25. b5 e4 26. a4 Bb6 27. Ra1 a6 28. h4 g6 29. Qb2 Kg7 30. a5 axb5 31. Ne7 Bd4 32. Qxd4 Qxe7 33. a6 b4 34. Qb6 Bf7 35. a7 Ra8 36. Ra6 b3 37. Qb8 b2 38. Qxa8 1-0

[Event "IECC CL2-2020.03 email"]
[Site "IECC email"]
[Date "2020.05.12"]
[Round "?"]
[White "Quigley, Daniel J"]
[Black "Boyce, Harry"]
[Result "0-1"]
[WhiteElo "2024"]
[BlackElo "2018"]
[PlyCount "64"]
[EventDate "2020.??.??"]
[EventType "tourn (corr)"]
[EventRounds "4"]
[SourceTitle "Corr 2024"]
[Source "ChessBase"]
[SourceDate "2023.10.19"]
[SourceVersion "1"]
[SourceVersionDate "2023.10.19"]
[SourceQuality "1"]
[WhiteTeam "Vereinigte Staaten"]
[BlackTeam "Australien"]
[WhiteTeamCountry "USA"]
[BlackTeamCountry "AUS"]

1. c4 e5 2. g3 Nf6 3. Bg2 Nc6 4. Nc3 Bc5 5. a3 d6 6. e3 Bb6 7. Nge2 0-0 8. 0-0 Bf5 9. d4 Na5 10. b3 Qd7 11. Ra2 exd4 12. exd4 c6 13. Rd2 d5 14. cxd5 cxd5 15. Nf4 Rfc8 16. Ncxd5 Nxd5 17. Nxd5 Bg4 18. Nxb6 axb6 19. f3 Rxc1 20. Qxc1 Nxb3 21. Qb2 Nxd2 22. Qxd2 Be6 23. Qb4 Ra4 24. Qxb6 Rxd4 25. f4 Bc4 26. Re1 Rd1 27. Qf2 b5 28. Rxd1 Qxd1+ 29. Bf1 h6 30. Kg2 Qb3 31. Bxc4 bxc4 32. Qc5 Qd3 0-1

[Event "IECC CL3-2019.03 email"]
[Site "IECC email"]
[Date "2019.07.05"]
[Round "?"]
[White "Agulnick, Michael"]
[Black "Boyce, Harry"]
[Result "1/2-1/2"]
[WhiteElo "1944"]
[BlackElo "2003"]
[PlyCount "125"]
[EventDate "2019.??.??"]
[EventType "tourn (corr)"]
[EventRounds "4"]
[SourceTitle "Corr 2024"]
[Source "ChessBase"]
[SourceDate "2023.10.19"]
[SourceVersion "1"]
[SourceVersionDate "2023.10.19"]
[SourceQuality "1"]
[WhiteTeam "Vereinigte Staaten"]
[BlackTeam "Australien"]
[WhiteTeamCountry "USA"]
[BlackTeamCountry "AUS"]

1. e4 e5 2. Nf3 Nc6 3. Bb5 a6 4. Bxc6 dxc6 5. d4 exd4 6. Qxd4 Qxd4 7. Nxd4 Bd7 8. Nc3 0-0-0 9. Be3 Ne7 10. 0-0-0 Ng6 11. f3 Bd6 12. Nde2 b5 13. h4 h5 14. Kb1 Be7 15. Bg5 f6 16. Be3 a5 17. Bf2 a4 18. Nc1 f5 19. a3 Be6 20. Nd3 Rhf8 21. Nc5 Rxd1+ 22. Nxd1 Bg8 23. Nc3 fxe4 24. N5xe4 Bc4 25. Rh2 Re8 26. Rh1 Be6 27. Bc5 Kb7 28. Bxe7 Rxe7 29. Re1 Kb6 30. g3 c5 31. Kc1 Kc6 32. Nf2 Bc4 33. Nce4 b4 34. Re3 Re5 35. Nd1 Bd5 36. Ng5 Rxe3 37. Nxe3 Ne5 38. f4 Nc4 39. Nxc4 Bxc4 40. Kd2 Kd5 41. Ke3 Bb5 42. Nf7 bxa3 43. bxa3 Kc4 44. Kd2 Kd4 45. Ng5 Bd7 46. Nf3+ Ke4 47. Ng5+ Kd5 48. Nf3 Bg4 49. Ne5 Bf5 50. Nf3 Bg4 51. Ne5 Bf5 52. Nf3 Bh7 53. Ne5 Ke4 54. Nf7 Kd4 55. Ng5 Bf5 56. Nf3+ Kd5 57. Ng5 Bg4 58. Kc3 c4 59. Kd2 Bf5 60. c3 c6 61. Ke3 c5 62. Nf7 Bd7 63. Ne5 1/2-1/2

[Event "IECC CL3-2019.03 email"]
[Site "IECC email"]
[Date "2019.07.05"]
[Round "?"]
[White "Boyce, Harry"]
[Black "Bertel, Michael"]
[Result "1-0"]
[WhiteElo "1998"]
[BlackElo "1891"]
[PlyCount "95"]
[EventDate "2019.??.??"]
[EventType "tourn (corr)"]
[EventRounds "4"]
[SourceTitle "Corr 2024"]
[Source "ChessBase"]
[SourceDate "2023.10.19"]
[SourceVersion "1"]
[SourceVersionDate "2023.10.19"]
[SourceQuality "1"]
[WhiteTeam "Australien"]
[BlackTeam "Vereinigte Staaten"]
[WhiteTeamCountry "AUS"]
[BlackTeamCountry "USA"]

1. d4 Nf6 2. c4 e6 3. Nc3 d5 4. Nf3 Be7 5. Bf4 0-0 6. e3 Nh5 7. Bg3 Nxg3 8. hxg3 c6 9. Qc2 h6 10. 0-0-0 b6 11. g4 Nd7 12. cxd5 cxd5 13. Kb1 a5 14. Bb5 Ra7 15. Rc1 Rc7 16. Qd3 f5 17. gxf5 Rxf5 18. Na4 Bd6 19. Rxc7 Qxc7 20. Rc1 Qb8 21. Qc2 Rf8 22. Qg6 Nf6 23. Rh1 Qc7 24. Rxh6 Qf7 25. Nxb6 Qxg6+ 26. Rxg6 Kf7 27. Rg5 Bb7 28. Ne5+ Bxe5 29. Rxe5 Ng4 30. Nd7 Nxe5 31. Nxf8 Ng4 32. Nd7 Nxf2 33. Kc2 Ng4 34. Nc5 Ba8 35. Kd2 Nf2 36. Nb3 Ne4+ 37. Kc2 Nd6 38. a4 Ke7 39. Nxa5 Nxb5 40. axb5 Kd7 41. b6 Kc8 42. Kb3 Bb7 43. Nxb7 Kxb7 44. Ka4 Kxb6 45. b4 Kb7 46. Ka5 Ka7 47. b5 Kb7 48. b6 1-0

[Event "IECC CL2-2018.02 email"]
[Site "IECC email"]
[Date "2018.09.19"]
[Round "?"]
[White "Blittkowsky, Ralf"]
[Black "Boyce, Harry"]
[Result "1-0"]
[WhiteElo "2118"]
[BlackElo "2003"]
[PlyCount "59"]
[EventDate "2018.??.??"]
[EventType "tourn (corr)"]
[EventRounds "4"]
[SourceTitle "Corr 2020"]
[Source "ChessBase"]
[SourceDate "2019.09.30"]
[SourceVersion "1"]
[SourceVersionDate "2019.09.30"]
[SourceQuality "1"]
[WhiteTeam "Germany"]
[BlackTeam "Australia"]
[WhiteTeamCountry "GER"]
[BlackTeamCountry "AUS"]

1. Nf3 d5 2. d4 Nf6 3. c4 e6 4. g3 Be7 5. Bg2 0-0 6. b3 c5 7. cxd5 Nxd5 8. 0-0 Nc6 9. Bb2 Bf6 10. e4 Ndb4 11. e5 Be7 12. a3 Nd5 13. dxc5 b6 14. cxb6 Qxb6 15. Nbd2 Rb8 16. Qc2 Ba6 17. Rfc1 Rfc8 18. Qe4 Rc7 19. Rc2 Bc5 20. Ng5 g6 21. Qh4 Bxf2+ 22. Kh1 h5 23. Bxd5 exd5 24. e6 fxe6 25. Qf4 Bd3 26. Qf6 d4 27. Nc4 Qxb3 28. Qxe6+ Kg7 29. Rxf2 Bxc4 30. Qd6 1-0

[Event "IECC Swiss-581.4"]
[Site "IECC email"]
[Date "2018.07.18"]
[Round "?"]
[White "Boyce, Harry"]
[Black "Mahony, Michael J"]
[Result "1/2-1/2"]
[WhiteElo "2006"]
[BlackElo "2029"]
[PlyCount "56"]
[EventDate "2018.??.??"]
[EventType "swiss (corr)"]
[EventRounds "1"]
[SourceTitle "Corr 2020"]
[Source "ChessBase"]
[SourceDate "2019.09.30"]
[SourceVersion "1"]
[SourceVersionDate "2019.09.30"]
[SourceQuality "1"]
[WhiteTeam "Australia"]
[BlackTeam "United States"]
[WhiteTeamCountry "AUS"]
[BlackTeamCountry "USA"]

1. d4 Nf6 2. c4 g6 3. Nc3 d5 4. Nf3 Bg7 5. Bg5 Ne4 6. cxd5 Nxg5 7. Nxg5 e6 8. Qa4+ c6 9. dxc6 Nxc6 10. Nf3 Bd7 11. Qd1 Qb6 12. Qd2 Nxd4 13. 0-0-0 Bc6 14. Nxd4 Rd8 15. e3 e5 16. Qe1 exd4 17. exd4+ Kf8 18. d5 Bxd5 19. Rxd5 Rxd5 20. Qe7+ Kxe7 21. Nxd5+ Ke6 22. Nxb6 axb6 23. Bc4+ Kf6 24. a4 Kg5 25. Rd1 Rc8 26. b3 Rc7 27. Rd5+ f5 28. Kd2 Bf8 1/2-1/2

[Event "IECC CL3-2018.03 email"]
[Site "IECC email"]
[Date "2018.07.04"]
[Round "?"]
[White "Boyce, Harry"]
[Black "Bertel, Michael"]
[Result "1-0"]
[WhiteElo "1969"]
[BlackElo "1944"]
[PlyCount "127"]
[EventDate "2018.??.??"]
[EventType "tourn (corr)"]
[EventRounds "4"]
[SourceTitle "Corr 2024"]
[Source "ChessBase"]
[SourceDate "2023.10.19"]
[SourceVersion "1"]
[SourceVersionDate "2023.10.19"]
[SourceQuality "1"]
[WhiteTeam "Australien"]
[BlackTeam "Vereinigte Staaten"]
[WhiteTeamCountry "AUS"]
[BlackTeamCountry "USA"]

1. d4 Nf6 2. c4 e6 3. Nf3 Nc6 4. Nc3 d5 5. e3 Be7 6. a3 0-0 7. Qc2 Bd6 8. c5 Be7 9. b4 b6 10. Bd2 a6 11. Bd3 g6 12. h3 Bb7 13. 0-0 Rc8 14. Rab1 Rb8 15. Rfe1 Re8 16. b5 axb5 17. Bxb5 Rf8 18. cxb6 cxb6 19. Na4 Rc8 20. Qb2 Ne4 21. Bxc6 Rxc6 22. Nxb6 Ba6 23. Ne5 Rd6 24. Ba5 Qe8 25. f3 Ng3 26. Qc2 f6 27. Nd3 Rc6 28. Nc5 Rf7 29. Qa4 Bxc5 30. dxc5 Bb7 31. Qb5 Qf8 32. Bb4 Qb8 33. a4 Qe5 34. a5 Rcc7 35. a6 Bc6 36. Qd3 Qf5 37. Qd2 Qg5 38. Qf2 Nh5 39. Bd2 Qe5 40. e4 d4 41. Rb4 Ra7 42. Rxd4 g5 43. Ra1 Nf4 44. Bxf4 Qxf4 45. Nc4 Qb8 46. Nd6 Rf8 47. Qa2 Bd7 48. Qd2 Bc6 49. Rb4 Qc7 50. Rb6 Kh8 51. Rab1 h6 52. Qa2 Qd7 53. R1b2 Raa8 54. Rd2 Rad8 55. Nf7+ Qxf7 56. Rxd8 Rxd8 57. Rxc6 Re8 58. Qa5 g4 59. a7 Ra8 60. Rc7 Qf8 61. Rb7 Rc8 62. hxg4 e5 63. c6 Qg8 64. c7 1-0

[Event "IECC CL3-2018.03 email"]
[Site "IECC email"]
[Date "2018.07.04"]
[Round "?"]
[White "Laudati, Lelio"]
[Black "Boyce, Harry"]
[Result "1-0"]
[WhiteElo "1881"]
[BlackElo "2008"]
[PlyCount "39"]
[EventDate "2018.??.??"]
[EventType "tourn (corr)"]
[EventRounds "4"]
[SourceTitle "Corr 2020"]
[Source "ChessBase"]
[SourceDate "2019.09.30"]
[SourceVersion "1"]
[SourceVersionDate "2019.09.30"]
[SourceQuality "1"]
[WhiteTeam "Italy"]
[BlackTeam "Australia"]
[WhiteTeamCountry "ITA"]
[BlackTeamCountry "AUS"]

1. d4 Nf6 2. Nf3 e6 3. Bg5 c5 4. e3 Qb6 5. Nbd2 d5 6. Rb1 Be7 7. c3 0-0 8. Bd3 Re8 9. 0-0 Nc6 10. Bc2 h6 11. Bh4 a6 12. Re1 g5 13. Bg3 Nh5 14. Nxg5 Nxg3 15. Nxf7 Kxf7 16. e4 Bg5 17. exd5 Bxd2 18. Qxd2 Nf5 19. Bxf5 Qd8 20. dxe6+ 1-0

[Event "IECC Swiss-580.3"]
[Site "IECC email"]
[Date "2017.11.15"]
[Round "?"]
[White "Mariani, Danilo"]
[Black "Boyce, Harry"]
[Result "0-1"]
[WhiteElo "1463"]
[BlackElo "1931"]
[PlyCount "82"]
[EventDate "2017.??.??"]
[EventType "swiss (corr)"]
[EventRounds "1"]
[SourceTitle "Corr 2020"]
[Source "ChessBase"]
[SourceDate "2019.09.30"]
[SourceVersion "1"]
[SourceVersionDate "2019.09.30"]
[SourceQuality "1"]
[WhiteTeam "Italy"]
[BlackTeam "Australia"]
[WhiteTeamCountry "ITA"]
[BlackTeamCountry "AUS"]

1. d4 Nf6 2. c4 e6 3. Nc3 Bb4 4. Qc2 d5 5. cxd5 Qxd5 6. Nf3 Qf5 7. Qxf5 exf5 8. Bf4 Nd5 9. Bd2 Nxc3 10. bxc3 Bd6 11. e3 Nd7 12. Bd3 Nf6 13. c4 b6 14. Nh4 Ne4 15. f3 Nxd2 16. Kxd2 g6 17. f4 0-0 18. Be2 Bd7 19. a4 f6 20. Nf3 Rfe8 21. Ne1 Bb4+ 22. Kd3 Rad8 23. Bf3 Ba5 24. h4 c6 25. Nc2 Re7 26. Rhd1 Kf8 27. Ke2 Rc8 28. Kf2 Be6 29. Na3 a6 30. Rab1 c5 31. dxc5 Rxc5 32. Bd5 Bxd5 33. Rxd5 Rxd5 34. cxd5 Rc7 35. d6 Rc3 36. d7 Ke7 37. Rd1 Kd8 38. Nb1 Rb3 39. Kf3 Bb4 40. Nd2 Rd3 41. Ke2 Rxd2+ 0-1

[Event "IECC Swiss-577.4"]
[Site "IECC email"]
[Date "2017.08.09"]
[Round "?"]
[White "Laudati, Lelio"]
[Black "Boyce, Harry"]
[Result "1/2-1/2"]
[WhiteElo "1860"]
[BlackElo "1990"]
[PlyCount "57"]
[EventDate "2017.??.??"]
[EventType "swiss (corr)"]
[EventRounds "1"]
[SourceTitle "Corr 2020"]
[Source "ChessBase"]
[SourceDate "2019.09.30"]
[SourceVersion "1"]
[SourceVersionDate "2019.09.30"]
[SourceQuality "1"]
[WhiteTeam "Italy"]
[BlackTeam "Australia"]
[WhiteTeamCountry "ITA"]
[BlackTeamCountry "AUS"]

1. c4 e5 2. g3 Nf6 3. Bg2 Nc6 4. Nc3 Bc5 5. Nf3 d6 6. d3 0-0 7. 0-0 h6 8. a3 a5 9. e3 Bf5 10. b3 Re8 11. Bb2 Qd7 12. Nd5 Nxd5 13. cxd5 Ne7 14. Qc2 Ba7 15. Rac1 Rac8 16. e4 Bg4 17. Qd2 Qb5 18. h3 Bh5 19. d4 f6 20. dxe5 fxe5 21. Qc3 a4 22. bxa4 Qxa4 23. Nxe5 Nxd5 24. exd5 dxe5 25. Rfe1 Bd4 26. Qd2 c5 27. Bxd4 exd4 28. d6 Qd7 29. Bd5+ 1/2-1/2

[Event "IECC CL2-2017.04 email"]
[Site "IECC email"]
[Date "2017.07.01"]
[Round "?"]
[White "Boyce, Harry"]
[Black "Martins, Karin"]
[Result "1-0"]
[WhiteElo "1987"]
[BlackElo "2004"]
[PlyCount "150"]
[EventDate "2017.??.??"]
[EventType "tourn (corr)"]
[EventRounds "4"]
[SourceTitle "Corr 2020"]
[Source "ChessBase"]
[SourceDate "2019.09.30"]
[SourceVersion "1"]
[SourceVersionDate "2019.09.30"]
[SourceQuality "1"]
[WhiteTeam "Australia"]
[BlackTeam "Germany"]
[WhiteTeamCountry "AUS"]
[BlackTeamCountry "GER"]

1. d4 Nf6 2. c4 g6 3. Nc3 d5 4. Nf3 c6 5. e3 Bg7 6. Be2 0-0 7. 0-0 a6 8. a4 Bf5 9. Qb3 Ra7 10. a5 e6 11. Nh4 dxc4 12. Bxc4 Nbd7 13. Nxf5 exf5 14. Bd2 Ne8 15. Bd3 Ndf6 16. Na4 Nd5 17. Bc4 Nef6 18. f3 Re8 19. Rfe1 Bh6 20. Nb6 Re7 21. Bxd5 Nxd5 22. Nxd5 cxd5 23. Rac1 Ra8 24. Rc5 Rd7 25. Rec1 Bf8 26. R5c2 Bd6 27. Bb4 b6 28. axb6 Qxb6 29. Qa4 Re7 30. Bc5 Qb8 31. Kf2 Bxc5 32. dxc5 Qxh2 33. c6 Rc7 34. Qd4 Qd6 35. Rc5 Rd8 36. R1c2 h5 37. g3 Kh7 38. Kg2 Qe6 39. R5c3 Rdc8 40. Qa4 a5 41. Qb5 g5 42. Rc5 Kg6 43. Qa4 Qxe3 44. Rxd5 f6 45. Rd6 g4 46. fxg4 hxg4 47. Qf4 Qxf4 48. gxf4 a4 49. Kg3 Re8 50. Rd4 Re6 51. Rdc4 Re3+ 52. Kg2 a3 53. bxa3 Rxa3 54. Rd4 Ra6 55. Rdc4 Rb6 56. R4c3 Rb8 57. Rd3 Kf7 58. Kg3 Rh8 59. Rd5 Kg6 60. Rd1 Rb8 61. Rd3 Ra8 62. Re3 Rh8 63. Rec3 Re8 64. Rb3 Ree7 65. Kf2 Re4 66. Kg3 Re6 67. Rbc3 Kf7 68. Rc1 Rd6 69. R1c2 Kg6 70. Kg2 Rd4 71. Kg3 Rd1 72. Rb2 Rd6 73. Rbc2 Re6 74. Kg2 Re4 75. Kg3 Rb4 1-0

[Event "IECC CL2-2017.04 email"]
[Site "IECC email"]
[Date "2017.07.01"]
[Round "?"]
[White "Holanda, Dogeval Ferreira"]
[Black "Boyce, Harry"]
[Result "1-0"]
[WhiteElo "2173"]
[BlackElo "2032"]
[PlyCount "91"]
[EventDate "2017.??.??"]
[EventType "tourn (corr)"]
[EventRounds "4"]
[SourceTitle "Corr 2020"]
[Source "ChessBase"]
[SourceDate "2019.09.30"]
[SourceVersion "1"]
[SourceVersionDate "2019.09.30"]
[SourceQuality "1"]
[WhiteTeam "Brazil"]
[BlackTeam "Australia"]
[WhiteTeamCountry "BRA"]
[BlackTeamCountry "AUS"]

1. e4 e5 2. Nf3 Nc6 3. Bb5 a6 4. Ba4 Nf6 5. 0-0 d6 6. c3 Be7 7. d4 0-0 8. Re1 b5 9. Bc2 Bb7 10. Nbd2 exd4 11. cxd4 Nb4 12. Bb1 c5 13. d5 a5 14. Qe2 Qd7 15. a3 Na6 16. b3 Rfe8 17. Bb2 Bd8 18. Qf1 Nc7 19. a4 Ba6 20. axb5 Bxb5 21. Bd3 Bxd3 22. Qxd3 Na6 23. Bc3 Nb4 24. Bxb4 cxb4 25. Nc4 Bc7 26. Nd4 a4 27. bxa4 Rxa4 28. Rac1 Rea8 29. Nc6 Qe8 30. f4 Nd7 31. e5 dxe5 32. fxe5 Nb8 33. Nd4 Nd7 34. e6 Nc5 35. Qf5 g6 36. exf7+ Qxf7 37. Qxf7+ Kxf7 38. d6 Bb8 39. Nb5 b3 40. Nb6 b2 41. Rb1 Rb4 42. Nxa8 Rxb5 43. Nc7 Rb6 44. Re7+ Kg8 45. Kf2 h5 46. Ke3 1-0

[Event "IECC CL2-2017.03 email"]
[Site "IECC email"]
[Date "2017.04.23"]
[Round "?"]
[White "Boyce, Harry"]
[Black "Holanda, Dogeval Ferreira"]
[Result "0-1"]
[WhiteElo "2042"]
[BlackElo "2154"]
[PlyCount "82"]
[EventDate "2017.??.??"]
[EventType "tourn (corr)"]
[EventRounds "4"]
[SourceTitle "Corr 2020"]
[Source "ChessBase"]
[SourceDate "2019.09.30"]
[SourceVersion "1"]
[SourceVersionDate "2019.09.30"]
[SourceQuality "1"]
[WhiteTeam "Australia"]
[BlackTeam "Brazil"]
[WhiteTeamCountry "AUS"]
[BlackTeamCountry "BRA"]

1. d4 Nf6 2. c4 e6 3. Nf3 d5 4. Nc3 Be7 5. Bf4 0-0 6. a3 b6 7. e3 c5 8. dxc5 bxc5 9. Be2 Bb7 10. 0-0 Nbd7 11. h3 Nb6 12. b3 Rc8 13. Qc2 Bd6 14. Bxd6 Qxd6 15. Rfd1 Qe7 16. Rac1 dxc4 17. bxc4 Bxf3 18. Bxf3 Nxc4 19. Ne4 Ne5 20. Nxf6+ gxf6 21. Be2 Rfd8 22. Rxd8+ Qxd8 23. Qc3 Kg7 24. Ba6 Rc7 25. Be2 c4 26. f4 Nd7 27. e4 Nb6 28. Kh2 Rc5 29. Qg3+ Kf8 30. Qc3 Ke7 31. Rb1 Qc7 32. Rf1 e5 33. f5 Nc8 34. Rc1 Nd6 35. Qe3 c3 36. Bd3 Ra5 37. Ra1 Nb5 38. Bxb5 Rxb5 39. Rc1 c2 40. Qd3 Rc5 41. Qd2 Rc3 0-1

[Event "IECC CL2-2017.03 email"]
[Site "IECC email"]
[Date "2017.04.23"]
[Round "?"]
[White "Martins, Karin"]
[Black "Boyce, Harry"]
[Result "1-0"]
[WhiteElo "1919"]
[BlackElo "1982"]
[PlyCount "119"]
[EventDate "2017.??.??"]
[EventType "tourn (corr)"]
[EventRounds "4"]
[SourceTitle "Corr 2020"]
[Source "ChessBase"]
[SourceDate "2019.09.30"]
[SourceVersion "1"]
[SourceVersionDate "2019.09.30"]
[SourceQuality "1"]
[WhiteTeam "Germany"]
[BlackTeam "Australia"]
[WhiteTeamCountry "GER"]
[BlackTeamCountry "AUS"]

1. e4 c6 2. d4 d5 3. e5 Bf5 4. h4 h6 5. Ne2 e6 6. Ng3 Ne7 7. c4 Nd7 8. Nc3 Bh7 9. Be3 dxc4 10. Bxc4 Nd5 11. Bb3 N7b6 12. Qg4 Qd7 13. Bd2 Nxc3 14. bxc3 Bd3 15. Rd1 0-0-0 16. Ne4 Ba6 17. f3 Kb8 18. Kf2 Qc7 19. h5 Nc4 20. Bc1 Qb6 21. Rhe1 Na5 22. Bc2 Nc4 23. Kg1 Qa5 24. Bb3 Qb6 25. Bf4 Qa5 26. Bg3 Nb2 27. Rb1 Nc4 28. f4 Ka8 29. f5 exf5 30. Qxf5 f6 31. Qe6 Qd5 32. Qg4 fxe5 33. Rbd1 Qd7 34. Qxd7 Rxd7 35. dxe5 Rd5 36. Nd6 Rxd1 37. Rxd1 Ne3 38. Re1 Nd5 39. e6 Be7 40. Nf5 Re8 41. Nxg7 Rf8 42. c4 Bc5+ 43. Kh2 Ne7 44. Re4 b5 45. cxb5 Bxb5 46. Rf4 Rxf4 47. Bxf4 Ng8 48. g4 Bd3 49. Nf5 Bxf5 50. gxf5 Kb7 51. Kg3 Bf8 52. Be5 Be7 53. Kf4 Nf6 54. Bd1 c5 55. a4 Kc8 56. Bf3 Ne8 57. a5 Kd8 58. a6 Bg5+ 59. Ke4 Nc7 60. Be2 1-0

[Event "IECC M1-2016.T047"]
[Site "IECC email"]
[Date "2016.10.27"]
[Round "?"]
[White "Wittal, Werner"]
[Black "Boyce, Harry"]
[Result "1/2-1/2"]
[WhiteElo "2108"]
[BlackElo "2060"]
[PlyCount "87"]
[EventDate "2016.??.??"]
[EventType "match (corr)"]
[EventRounds "2"]
[SourceTitle "Corr 2020"]
[Source "ChessBase"]
[SourceDate "2019.09.30"]
[SourceVersion "1"]
[SourceVersionDate "2019.09.30"]
[SourceQuality "1"]
[WhiteTeam "Germany"]
[BlackTeam "Australia"]
[WhiteTeamCountry "GER"]
[BlackTeamCountry "AUS"]

1. e4 c5 2. Nf3 e6 3. d4 cxd4 4. Nxd4 Nc6 5. Nc3 Nf6 6. Ndb5 d6 7. Bf4 e5 8. Bg5 a6 9. Na3 b5 10. Bxf6 gxf6 11. Nd5 Bg7 12. Bd3 Ne7 13. Nxe7 Qxe7 14. 0-0 0-0 15. c4 f5 16. Qh5 h6 17. exf5 e4 18. Rae1 Bb7 19. Qg4 Rfe8 20. cxb5 Qg5 21. Qxg5 hxg5 22. bxa6 Bxa6 23. Bxa6 Rxa6 24. Nb5 Re5 25. Nc3 Rxf5 26. Rxe4 Bxc3 27. bxc3 Rxa2 28. Rg4 Kf8 29. f4 gxf4 30. Rgxf4 Rxf4 31. Rxf4 Rc2 32. Rf3 Rd2 33. h4 Kg7 34. Kh2 Kg6 35. Kh3 f5 36. Kg3 d5 37. Kf4 d4 38. g3 dxc3 39. Rxc3 Rd4+ 40. Kf3 Rb4 41. Rc6+ Kh5 42. Rf6 Rb3+ 43. Kf4 Rb4+ 44. Kf3 1/2-1/2

[Event "IECC Swiss-580.1"]
[Site "IECC email"]
[Date "2016.10.26"]
[Round "?"]
[White "Boyce, Harry"]
[Black "Balmelle, Jean Luc"]
[Result "1-0"]
[WhiteElo "2062"]
[BlackElo "1679"]
[PlyCount "56"]
[EventDate "2016.??.??"]
[EventType "swiss (corr)"]
[EventRounds "1"]
[SourceTitle "Corr 2020"]
[Source "ChessBase"]
[SourceDate "2019.09.30"]
[SourceVersion "1"]
[SourceVersionDate "2019.09.30"]
[SourceQuality "1"]
[WhiteTeam "Australia"]
[BlackTeam "France"]
[WhiteTeamCountry "AUS"]
[BlackTeamCountry "FRA"]

1. d4 Nf6 2. c4 e6 3. Nf3 Bb4+ 4. Bd2 Qe7 5. g3 Nc6 6. Nc3 Bxc3 7. Bxc3 Ne4 8. Rc1 0-0 9. Bg2 d6 10. 0-0 Nxc3 11. Rxc3 e5 12. Re3 Qf6 13. dxe5 Nxe5 14. Nxe5 dxe5 15. Qb3 Rb8 16. Qc3 Qa6 17. Qxe5 Qxa2 18. Bd5 Qa6 19. Qxc7 Be6 20. Ra3 Rfc8 21. Rxa6 Rxc7 22. Rxa7 Bxd5 23. cxd5 Rc2 24. e4 Rxb2 25. Rc1 g6 26. d6 Rd2 27. e5 Re8 28. f4 f6 1-0

[Event "IECC CL2-2016.03 email"]
[Site "IECC email"]
[Date "2016.07.15"]
[Round "?"]
[White "Boyce, Harry"]
[Black "Agulnick, Michael"]
[Result "1-0"]
[WhiteElo "2047"]
[BlackElo "2020"]
[PlyCount "67"]
[EventDate "2016.??.??"]
[EventType "tourn (corr)"]
[EventRounds "4"]
[SourceTitle "Corr 2020"]
[Source "ChessBase"]
[SourceDate "2019.09.30"]
[SourceVersion "1"]
[SourceVersionDate "2019.09.30"]
[SourceQuality "1"]
[WhiteTeam "Australia"]
[BlackTeam "United States"]
[WhiteTeamCountry "AUS"]
[BlackTeamCountry "USA"]

1. d4 Nf6 2. c4 g6 3. Nc3 Bg7 4. e4 d6 5. Nf3 0-0 6. Be2 Nbd7 7. 0-0 e5 8. Be3 exd4 9. Nxd4 Nc5 10. f3 a5 11. Ndb5 b6 12. Qd2 Re8 13. Rad1 Bb7 14. Rfe1 Bc6 15. b3 Ne6 16. Qc2 Nd7 17. f4 Bh6 18. g3 Bb7 19. Bf3 Bf8 20. Bg2 Qc8 21. a3 Nec5 22. b4 axb4 23. axb4 Na6 24. Qb3 Qb8 25. Rd2 Rd8 26. Red1 Re8 27. Qb1 Nf6 28. Bf3 Nd7 29. Bf2 h5 30. Qb3 Nf6 31. Nd5 Nxd5 32. cxd5 Qd8 33. Nd4 Qd7 34. f5 1-0

[Event "IECC CL2-2016.02 email"]
[Site "IECC email"]
[Date "2016.05.21"]
[Round "?"]
[White "Wittal, Werner"]
[Black "Boyce, Harry"]
[Result "1-0"]
[WhiteElo "2119"]
[BlackElo "2059"]
[PlyCount "85"]
[EventDate "2016.??.??"]
[EventType "tourn (corr)"]
[EventRounds "4"]
[SourceTitle "Corr 2020"]
[Source "ChessBase"]
[SourceDate "2019.09.30"]
[SourceVersion "1"]
[SourceVersionDate "2019.09.30"]
[SourceQuality "1"]
[WhiteTeam "Germany"]
[BlackTeam "Australia"]
[WhiteTeamCountry "GER"]
[BlackTeamCountry "AUS"]

1. d4 d5 2. c4 c6 3. Nc3 Nf6 4. cxd5 cxd5 5. Bf4 Nc6 6. e3 Bf5 7. Qb3 Qb6 8. Qxb6 axb6 9. Bb5 e6 10. Rc1 Be7 11. Nf3 Nd7 12. 0-0 0-0 13. a3 Rfc8 14. h3 h6 15. Be2 Nf6 16. Nd2 g5 17. Bh2 Na7 18. g4 Bg6 19. f4 gxf4 20. Bxf4 Kg7 21. h4 Nc6 22. Nb5 Ne8 23. Bg3 Rd8 24. Nf3 Rac8 25. Ne5 Nxe5 26. Bxe5+ f6 27. Bf4 Be4 28. Kf2 f5 29. Kg3 Kg6 30. Nc3 Nf6 31. h5+ Kh7 32. Be5 Rg8 33. Kh2 Nd7 34. Bf4 Nf6 35. Nxe4 Nxe4 36. gxf5 exf5 37. Rxc8 Rxc8 38. Bd3 Rg8 39. Bxe4 fxe4 40. Rc1 Bg5 41. Kg3 Rg7 42. Kg4 b5 43. Kf5 1-0

[Event "IECC CL3-2015.03 email"]
[Site "IECC email"]
[Date "2015.09.17"]
[Round "?"]
[White "Boyce, Harry"]
[Black "Ridding, Mark Frank"]
[Result "0-1"]
[WhiteElo "1972"]
[BlackElo "1729"]
[PlyCount "20"]
[EventDate "2015.??.??"]
[EventType "tourn (corr)"]
[EventRounds "4"]
[SourceTitle "Corr 2020"]
[Source "ChessBase"]
[SourceDate "2019.09.30"]
[SourceVersion "1"]
[SourceVersionDate "2019.09.30"]
[SourceQuality "1"]
[WhiteTeam "Australia"]
[BlackTeam "England"]
[WhiteTeamCountry "AUS"]
[BlackTeamCountry "ENG"]

1. e4 c5 2. Nf3 d6 3. d4 cxd4 4. Nxd4 Nf6 5. Nc3 a6 6. Bg5 e6 7. Qf3 Nbd7 8. Be2 Qc7 9. Rd1 b5 10. Nc6 Qxc6 0-1